000 00341nam a22001457a 4500
008 240205b ||||| |||| 00| 0 eng d
020 _a6726890
041 _aeng
080 _2FOURTH EDITION 1968
_a575
082 _a575WHI
100 _a13
101 _aBIOKIMI
245 _aPRINCIPLES OF BIOCHEMISTRY
_cABRAHAM WHITE
942 _2udc
_cBK
999 _c60576
_d60576